000 00948nam a22002897a 4500
003 CHAP
005 20220329135816.0
008 971013s1968 r 00010 d
010 _a42555
011 _a43527
035 _a47663
040 _cCHAP
082 _a338.3
_bM4 1967
110 _aMéxico. Dirección General de Pesca e Industrias Conexas
_977022
245 _aEstadísticas básicas de la actividad pesquera nacional, 1967
260 _aMéxico, D.F. :
_bLa Dirección,
_c1968
300 _a152 p.
_b; gráfs
590 _aBATCH-UPD
_b10
_c20130110
_lUCH01
_h1714
590 _aBATCH-UPD
_b10
_c20130410
_lUCH01
_h1059
590 _aBATCH-UPD
_b10
_c20130914
_lUCH01
_h1908
590 _aCONVERSION
_b10
_c20130109
_lUCH01
_h1323
650 1 4 _aPesca
_xEstadísticas.
_987379
650 1 4 _aPesca
_xEstadísticas
_xMéxico.
_987381
901 _aBK
942 _cLIBRO
949 _a338.3 M4 1967
_bBC
_cC
_d33724000554515
_eC
_h12861
_i47663
_mD
_si
999 _c42555
_d42555